| 000 | 00386nam a2200145Ia 4500 | ||
|---|---|---|---|
| 008 | 210210b1995 xxu||||| |||| 00| 0 eng d | ||
| 082 | _a519.5 GUPE | ||
| 100 | _aGUPTA (S C) & KAPOOR (V K). | ||
| 245 | _aElements of mathematical statistics. | ||
| 250 | _a | ||
| 260 |
_aND _bSultan Chand & Sons _c1995 |
||
| 300 | _axiv,373 T 12 | ||
| 690 | _aMathematical Statistics | ||
| 906 | _a050919 | ||
| 999 |
_c99703 _d99703 |
||